|
|
|
|
| LEADER |
00000nam a22000007a 4500 |
| 005 |
20181031124816.0 |
| 007 |
cr|||| |||| |
| 008 |
181031s2014 co |||||s|||| 00||0 spa d |
| 020 |
|
|
|a 978-958-762-237-9
|
| 035 |
|
|
|a 22142
|
| 040 |
|
|
|a vLex
|
| 090 |
|
|
|c 8253
|d 8253
|
| 100 |
1 |
|
|a Martn̕ez Bermd︢ez, Rigoberto
|
| 245 |
1 |
0 |
|a Gestin̤ del Servicio Humanizado en salud
|h [Recurso electrn̤ico] :
|b Con visin̤ multivariable y gua̕s de mejoramiento /
|c Rigoberto Martn̕ez Bermd︢ez
|
| 256 |
|
|
|a Servicio en ln̕ea
|
| 260 |
|
|
|a Bogot:̀
|b Ediciones de la U,
|c 2014
|
| 300 |
|
|
|a 1 recurso electrn̤ico
|
| 500 |
|
|
|a Mientras usted, amable lector, inicia la lectura de la presente obra, puede que una persona padeciendo de cǹcer, espere ingresar a travš de una fila extenuante a una institucin̤ de salud en procura de superar este grave mal o al menos mitigarlo; una dama se encuentre en una camilla a punto de dar a luz a su primer hijo; un anestesil̤ogo se apreste para acudir al quirf̤ano; un adolescente con sn̕drome de Down busque ser comprendido por una enfermera; un ciudadano espere la llegada de la ambulancia que lo lleve deprisa a una institucin̤ de salud pb︢lica o privada, despuš de sufrir una cad̕a en la escalera de su casa; una abuelita intente tramitar el pago en caja para retirar a su nieto mediante una orden de salida; o tal vez unos deudos recogen los despojos mortales de un ser querido. Cualquier persona puede verse en una o varias de estas situaciones en un momento dado, con la esperanza de que ellas ocurran dentro de una alta dosis de humanismo por quienes, en representacin̤ de una institucin̤ de salud, los abrigan con actitud de ayuda nacida de su alma.
|
| 506 |
1 |
|
|a Disponible solo en los productos indicados
|d vLex Global
|d vLex Global (Academic Edition, excluding Law Schools)
|d vLex Global (U.S. Academic Edition, Law Schools)
|d vLex Global (U.S. Academic Edition, excluding Law Schools)
|d vLex Global (Academic Edition, Law Schools)
|
| 650 |
0 |
4 |
|a Ciencias sociales
|z Colombia
|
| 650 |
0 |
4 |
|a Administracin̤ pb︢lica
|z Colombia
|
| 740 |
0 |
|
|a vLex Libros (Servicio en ln̕ea)
|
| 856 |
4 |
0 |
|u http://vlex.com/source/gestion-del-servicio-humanizado-en-salud-con-vision-multivariable-y-guias-de-mejoramiento-22142
|z Acceso restringido
|
| 942 |
|
|
|c BOOK
|
| 999 |
0 |
|
|a Social Sciences
|
| 999 |
0 |
|
|a Public administration
|